Score 0/35 Timer 07:00
0 Plays Today
% Correct
Best Actor – Motion Picture Drama
46.8%
Best Actor – Miniseries or Television Film
40.3%
Best Motion Picture – Drama
26.8%
Best Actress – Motion Picture Drama
23.2%
Best Director – Motion Picture
21%
Best Actor – Motion Picture Musical or Comedy
16.1%
Best Actor – Television Series Musical or Comedy
14.5%
Best Actor – Television Series Drama
14.2%
Best Actress – Motion Picture Musical or Comedy
12.3%
Best Actress – Miniseries or Television Film
10.6%
Best Supporting Actor – Motion Picture
9.7%
Best Actress – Television Series Musical or Comedy
9.7%
Best Original Score – Motion Picture
9.4%
Best Actress – Television Series Drama
8.7%
Best Motion Picture – Foreign Language
5.8%
Best Supporting Actress – Motion Picture
5.8%
Cecil B. DeMille Award for Lifetime Achievement in Motion Pictures
5.8%
Best Motion Picture – Musical or Comedy
4.8%
% Correct
Best Original Song – Motion Picture
4.8%
Best Screenplay – Motion Picture
4.5%
Best Film Promoting International Understanding
4.2%
Best Television Series – Musical or Comedy
3.9%
Golden Globe Award for Best Cinematography
3.9%
Best Motion Picture – Animated
3.5%
Best Television Series – Drama
3.5%
Carol Burnett Award for Lifetime Achievement in Television
3.5%
Henrietta Award (World Film Favorite – Male)
3.5%
Best Miniseries or Television Film
2.9%
Best Supporting Actor – Series, Miniseries or Television Film
2.9%
New Star of the Year – Actor
2.9%
New Star of the Year – Actress
2.9%
Best Supporting Actress – Series, Miniseries or Television Film
2.3%
Best English-Language Foreign Film
2.3%
Best Documentary Film
1.9%
Henrietta Award (World Film Favorite – Female)
1.9%
Remove Ads.
Support Sporcle.
Get the best of Sporcle when you Go Orange. This ad-free experience offers more features, more stats, and more fun while also helping to support Sporcle. Thank you for becoming a member.

You're not logged in!

Compare scores with friends on all Sporcle quizzes.
OR
Log In

Sporcle TV

Today on Sporcle TV


Watch our educational content, quiz creation guides, and fun videos on Sporcle TV.

Show Comments

Extras

Top Quizzes Today


Score Distribution

Paid Content

Your Account Isn't Verified!

In order to create a playlist on Sporcle, you need to verify the email address you used during registration. Go to your Sporcle Settings to finish the process.

Report this User

Report this user for behavior that violates our Community Guidelines.

Details: